| 000 | 00792nam a2200229 a 4500 | ||
|---|---|---|---|
| 001 | 000019788 | ||
| 005 | 20200929170135.0 | ||
| 008 | 100706s1968 ag r 000 0 spa d | ||
| 040 |
_aDO-SdBNP _bspa _cBNPHU |
||
| 082 |
_a158.7 _bL665p |
||
| 100 | 1 |
_aLevinson, harry _942262 |
|
| 240 | 1 | 0 | _aThe exceptional executive : a psychological conception |
| 245 | 1 | 0 |
_aPsicología del ejecutivo / _cHarry Levinson ; traducción Horacio Laurora. |
| 260 |
_aBuenos Aires, Argentina : _bPaidos, _c1968. |
||
| 300 |
_a406 p. ; _c19 cm. |
||
| 500 | _aIncluye referencias bibliográficas y notas al pie de las páginas. | ||
| 650 | 4 |
_aPsicología del trabajo _91582 |
|
| 650 | 4 |
_aPsicología industrial _91577 |
|
| 650 | 4 |
_aEjecutivos _94561 |
|
| 700 | 1 |
_aLaurora, Horacio, _etr. _940131 |
|
| 049 | _aBNGR | ||
| 999 |
_c19301 _d19301 |
||